00585nam a2200169Ia 4500003000900000008004100009020001800050040001600068080002200084245013300106260004000239300001500279650004100294650002700335650002400362700002900386IN-BaIIA211028s9999 xx 000 0 eng d a0-89490-027-7 cIIA Library a524.3(035)bJON-1 0aWebb society deep-sky observer's handbookbvol. 1, double starscedited by Kenneth Glyn Jones  aNew JerseybEnslow Publishersc1979 aviii,120p. aAstronomy and Astrophysics Thesaurus aDouble Stars Handbooks aHandbooks-Astronomy aJones, Kenneth Glyn, ed.